| 000 | 00380nam a2200157 4500 | ||
|---|---|---|---|
| 001 | 45873 | ||
| 090 | _a45873 | ||
| 100 | _a20260318 pory50 | ||
| 101 | _apor | ||
| 102 | _aPT | ||
| 200 |
_aA difícil vida das Abelhas _fDiário de Notícias |
||
| 210 |
_a[Lisboa] _cDiário de Notícias _d2013 |
||
| 215 |
_a66 p. _cil. |
||
| 675 | _a638.1(05) | ||
| 801 |
_aPT _gRPC |
||
| 990 | _cPERIODICOS | ||